000 00322nam a2200133Ia 4500
005 20260326235446.0
008 260326s9999||||xx |||||||||||||| ||und||
100 _aRàfols, J.F.
245 0 _aTechumbres y Artesonados Españoles /
_cJ.F. Ràfols
260 _bLabor
300 _a160 p.
650 _aHISTORIA
942 _cBK
999 _c7601
_d7601